| 000 | 01053nab a22002057a 4500 | ||
|---|---|---|---|
| 999 |
_c5844 _d5844 |
||
| 003 | OSt | ||
| 005 | 20260108020609.0 | ||
| 008 | 190514b xxu||||| |||| 00| 0 spa d | ||
| 040 | _cPJ | ||
| 100 |
_95064 _aFernández, María José |
||
| 245 | 1 | 0 |
_aProtección de la vivienda y uniones convivenciales / _cMaría José Fernández. |
| 300 | _ap. 116-123 | ||
| 505 | _aSumario: I. Breves palabras de inicio. Elección del tema.— II. Introducción. — III. Uniones convivenciales y vivienda familiar.— IV. Relaciones de familia y restricciones al poder dispositivo. Evolución.— V. Estatuto patrimonial de las uniones convivenciales.— VI. Instrumentos de protección de la vivienda. — VII. A modo de cierre | ||
| 505 | _tSi te interesa el texto, comunicate a koha@justierradelfuego.gov.ar | ||
| 650 | 0 |
_9967 _aDERECHO DE FAMILIA |
|
| 650 | 0 |
_91053 _aUNIONES CONVIVENCIALES |
|
| 650 | 0 |
_95362 _aVIVIENDA FAMILIAR |
|
| 773 | 0 |
_02844 _93222 _dBuenos Aires : AbeledoPerrot, 1989- _tDerecho de familia. N° 119 - Mayo 2025 _z18511201 |
|
| 942 |
_2udc _cANA |
||